000
00415nam a2200145Ia 4500
008
100122s9999 xx 000 0 und d
082
_b
54305
_a
823.08
100
_a
पेठे मेघना
245
_a
हंस अकेला
260
_b
राजहंस प्रकाशन
_c
1997
300
_a
152
630
_a
हंस अकेला
730
_a
हंस अकेला
942
_c
BOOK
999
_c
431183
_d
431180